Gruppi di Sei #2 - Statistics

Statistiche generali
  • Questo quiz è stato fatto 4.529 volte
  • Il punteggio medio è 19 su 48
Statistiche sulle risposte
Group
Risposta % Corretto
Lingue ufficiali dell'ONU Inglese
95%
Lingue ufficiali dell'ONU Francese
92%
Lingue ufficiali dell'ONU Mandarino
88%
Lingue ufficiali dell'ONU Spagnolo
88%
Fiumi più lunghi di ogni continente Nilo
83%
Mogli di Enrico VIII Anna {Bolena}
74%
Fiumi più lunghi di ogni continente Rio delle Amazzoni
70%
Lingue ufficiali dell'ONU Russo
70%
Mogli di Enrico VIII Caterina d'{Aragona}
65%
Paesi confinanti con il Sudafrica Lesotho
65%
Lingue ufficiali dell'ONU Arabo
57%
Paesi confinanti con il Sudafrica Namibia
56%
Fiumi più lunghi di ogni continente Mississippi / Missouri
54%
Paesi confinanti con il Sudafrica Botswana
52%
Paesi confinanti con il Sudafrica Eswatini
52%
Paesi confinanti con il Sudafrica Mozambico
52%
Megalopoli indiane Mumbai
52%
Paesi confinanti con il Sudafrica Zimbabwe
52%
Fiumi più lunghi di ogni continente Volga
45%
Megalopoli indiane Delhi
42%
Stati americani sulle Montagne Rocciose Colorado
41%
Stati americani sulle Montagne Rocciose Montana
41%
Megalopoli indiane Kolkata
37%
Stati americani sulle Montagne Rocciose Utah
33%
Fiumi più lunghi di ogni continente Fiume Azzurro
32%
Stati americani sulle Montagne Rocciose Idaho
32%
Stati americani sulle Montagne Rocciose Wyoming
29%
Stati dell'Australia Queensland
26%
Sospettati del gioco Cluedo Miss Scarlet
25%
Sospettati del gioco Cluedo Colonnello Mustard
23%
Stati americani sulle Montagne Rocciose New Mexico
23%
Stati dell'Australia Tasmania
23%
Sospettati del gioco Cluedo Professor Plum
21%
Stati dell'Australia Victoria
21%
Stati dell'Australia Nuovo Galles del Sud
18%
Stati dell'Australia Australia Occidentale
17%
Sospettati del gioco Cluedo Signora Pavone
17%
Mogli di Enrico VIII Jane {Seymour}
15%
Megalopoli indiane Bangalore
13%
Stati dell'Australia Australia Meridionale
12%
Mogli di Enrico VIII Caterina {Parr}
11%
Megalopoli indiane Chennai
11%
Sospettati del gioco Cluedo Dottor Verde
11%
Mogli di Enrico VIII Anna di {Cleves}
10%
Mogli di Enrico VIII Caterina {Howard}
8%
Megalopoli indiane Hyderabad
8%
Fiumi più lunghi di ogni continente Murray
7%
Sospettati del gioco Cluedo Signora Bianchi
7%
Nessun quiz corrispondente trovato
Distribuzione punteggi
Percentuale di utenti per punteggio
Percentile per numero di risposta
I tuoi punteggi nel tempo
Non hai fatto questo quiz